Historia de las Indias de Nueva-España y Islas de Tierra Firme (Record no. 10702)
[ view plain ]
| 000 -CABECERA | |
|---|---|
| campo de control de longitud fija | 00987nam a2200265 a 4500 |
| 001 - NÚMERO DE CONTROL | |
| campo de control | BRL_1894 |
| 005 - FECHA Y HORA DE LA ÚLTIMA TRANSACCIÓN | |
| campo de control | 20190320211425.0 |
| 008 - DATOS DE LONGITUD FIJA--INFORMACIÓN GENERAL | |
| campo de control de longitud fija | 130815s1967----mx-a######---#000-0#spa-# |
| 041 ## - CÓDIGO DE LENGUA | |
| Código de lengua del texto/banda sonora o título independiente | spa |
| 044 ## - CÓDIGO DEL PAÍS DE LA ENTIDAD EDITORA/PRODUCTORA | |
| Código MARC del país | mx |
| 050 #4 - SIGNATURA TOPOGRÁFICA DE LA BIBLIOTECA DEL CONGRESO | |
| Número de clasificación | F1219 |
| Número de documento/Ítem | .D87 1967 |
| 100 1# - ENTRADA PRINCIPAL--NOMBRE DE PERSONA | |
| Nombre de persona | Durán, Diego |
| Fechas asociadas al nombre | m. 1588? |
| 9 (RLIN) | 28175 |
| 245 10 - MENCIÓN DE TÍTULO | |
| Título | Historia de las Indias de Nueva-España y Islas de Tierra Firme |
| Mención de responsabilidad, etc. | por el padre fray Diego Durán ; La publica con un atlas de estampas notas é ilustraciones, José F. Ramírez. |
| 260 ## - PUBLICACIÓN, DISTRIBUCIÓN, ETC. | |
| Lugar de publicación, distribución, etc. | México |
| Nombre del editor, distribuidor, etc. | Editora Nacional |
| Fecha de publicación, distribución, etc. | 1967 |
| 300 ## - DESCRIPCIÓN FÍSICA | |
| Extensión | 3 v. |
| Otras características físicas | il. |
| Dimensiones | 23 cm. |
| 500 ## - NOTA GENERAL | |
| Nota general | v.1 Au1913, v.2 Au1912, v.3 Atlas Au1914 |
| 500 ## - NOTA GENERAL | |
| Nota general | 1 atlas (66 láms. ; 24 cm). |
| 650 14 - PUNTO DE ACCESO ADICIONAL DE MATERIA--TÉRMINO DE MATERIA | |
| Término de materia o nombre geográfico como elemento de entrada | Indígenas de México |
| Subdivisión general | Religión y Mitología |
| 9 (RLIN) | 23675 |
| 650 14 - PUNTO DE ACCESO ADICIONAL DE MATERIA--TÉRMINO DE MATERIA | |
| Término de materia o nombre geográfico como elemento de entrada | Manuscritos mexicanos |
| Subdivisión general | Facsímiles |
| 9 (RLIN) | 5310 |
| 651 #4 - PUNTO DE ACCESO ADICIONAL DE MATERIA--NOMBRE GEOGRÁFICO | |
| Nombre geográfico | México |
| Subdivisión general | Historia |
| Subdivisión cronológica | Conquista, 1519-1540 |
| 9 (RLIN) | 442 |
| 651 #4 - PUNTO DE ACCESO ADICIONAL DE MATERIA--NOMBRE GEOGRÁFICO | |
| Nombre geográfico | México |
| Subdivisión general | Antigüedades |
| 9 (RLIN) | 2765 |
| 700 1# - PUNTO DE ACCESO ADICIONAL--NOMBRE DE PERSONA | |
| Nombre de persona | Ramírez, José Fernando |
| Fechas asociadas al nombre | 1804-1871 |
| 9 (RLIN) | 8070 |
| 902 ## - CATALOGADOR | |
| Iniciales | GRL |
| 942 ## - ELEMENTOS DE PUNTO DE ACCESO ADICIONAL (KOHA) | |
| Fuente del sistema de clasificación o colocación | Library of Congress Classification |
| Tipo de ítem Koha | Libros |
| Estado de retiro | Estado de pérdida | Estado dañado | No para préstamo | Localización permanente | Ubicación/localización actual | Fecha de adquisición | Total de préstamos | Signatura topográfica completa | Código de barras | Fecha visto por última vez | Precio válido a partir de | Tipo de ítem Koha |
|---|---|---|---|---|---|---|---|---|---|---|---|---|
| El ejemplar forma parte de la colección y puede ser consultado según las políticas vigentes. | Biblioteca Centro de Estudios Ruth D. Lechuga | Biblioteca Centro de Estudios Ruth D. Lechuga | 13/08/2015 | F1219 .D87 1967 | GRL02094 | 22/03/2019 | 22/03/2019 | Libros | ||||
| El ejemplar forma parte de la colección y puede ser consultado según las políticas vigentes. | Biblioteca Centro de Estudios Ruth D. Lechuga | Biblioteca Centro de Estudios Ruth D. Lechuga | 19/01/2016 | F1219 .D87 1967 | GRL02095 | 22/03/2019 | 22/03/2019 | Libros | ||||
| El ejemplar forma parte de la colección y puede ser consultado según las políticas vigentes. | Biblioteca Centro de Estudios Ruth D. Lechuga | Biblioteca Centro de Estudios Ruth D. Lechuga | 01/06/2016 | F1219 .D87 1967 | GRL02165 | 22/03/2019 | 22/03/2019 | Libros |